000 00321nam a2200145Ia 4500
003 OSt
005 20240101072838.0
008 170524s9999 xx 000 0 und d
020 _a9788183563208
040 _cIIMT UNIVERSITY
100 _aDASH- AJAY
245 0 _aFREEDOM OF PRESS
260 _bKRISHNA
942 _2ddc
_c01
999 _c9311
_d9311